000 00538nam a2200217 a 4500
999 _c4915
_d4915
001 4915
003 BD-JhCC
005 20171206091907.0
008 171205s1962 new |||| |||| 00| 0aeng d
035 _a(BD-JhCC) 4915
040 _aBD-JhCC
_dBD-JhCC
041 _aeng
082 _a920
_bAMA 1962
100 _aAmacher, Richard E.
245 _aBenjamin Franklin /
_c Richard E. Amacher
260 _aNew York :
_bTwayne Publisher,
_c1962.
300 _a192 p. :
_c21 cm.
650 _aBiography
942 _2ddc
_cBK